| 000 | 00647nam a2200205Ia 4500 | ||
|---|---|---|---|
| 005 | 20220208115238.0 | ||
| 008 | 210716s2004 xx 000 0 und d | ||
| 020 | _a8120328752 | ||
| 040 | _cAIMIT LIBRARY | ||
| 041 | _aeng | ||
| 082 |
_a658.4 _211 _b658.4 ROBS |
||
| 100 |
_aRobbins, Stephen P. _917754 |
||
| 245 |
_aOrganizational behavior / _cBy Stephen P. Robbins |
||
| 250 | _a11th ed. | ||
| 260 |
_aNew Delhi : _bPrentice Hall of India Private Limited , _c2005 . |
||
| 300 |
_axxi, 649p. ; _c27cm. |
||
| 650 |
_aValues Attitudes and job satisfaction _917755 |
||
| 650 |
_aPower and Politics _917756 |
||
| 942 |
_2ddc _cBK _e11th _k658.4 ROBS |
||
| 999 |
_c199712 _d199712 |
||